[Event "Ricany op"]
[Site "Ricany"]
[Date "2015.08.25"]
[Round "5"]
[White "Havlicek, Pavel"]
[Black "Sedivy, Ondrej"]
[Result "1/2-1/2"]
[WhiteElo "1673"]
[BlackElo "1791"]
[PlyCount "91"]
[EventDate "2015.08.22"]
[EventType "swiss"]
[EventRounds "9"]
[EventCountry "CZE"]
[SourceTitle "EXT 2023"]
[Source "ChessBase"]
[SourceDate "2022.10.05"]
[SourceVersion "1"]
[SourceVersionDate "2022.10.05"]
[SourceQuality "1"]

1. b4 e5 2. Bb2 d6 3. e3 Nf6 4. c4 g6 5. Nf3 Bg7 6. Be2 0-0 7. 0-0 Nbd7 8. Nc3 Ne8 9. Ne1 f5 10. f4 Nef6 11. Nf3 Re8 12. Qb3 Kh8 13. Ng5 Re7 14. c5 Qe8 15. Bc4 h6 16. Nf7+ Kh7 17. cxd6 cxd6 18. Nxd6 Qd8 19. Nf7 Qc7 20. Nb5 Qc6 21. Nbd6 Ne4 22. Nxe4 fxe4 23. Bd5 Qb6 24. fxe5 Nf8 25. Bd4 Qb5 26. Bc4 Qd7 27. Bd5 Qg4 28. Rf4 Qh5 29. Bxe4 Be6 30. Bd5 g5 31. Rf2 Bxd5 32. Qxd5 Ne6 33. Raf1 Rf8 34. Qf3 Qg6 35. Qf5 Rfxf7 36. Qxf7 Rxf7 37. Rxf7 Qe4 38. Bxa7 Qxb4 39. d4 Qb5 40. h3 Kg8 41. Rc7 Qd5 42. Kh2 b5 43. Rc8+ Kh7 44. a3 Qd7 45. Ra8 Qb7 46. Re8 1/2-1/2

[Event "Prague Holiday K31"]
[Site "Prague"]
[Date "2015.08.06"]
[Round "8"]
[White "Cisarik, Pavol"]
[Black "Sedivy, Ondrej"]
[Result "0-1"]
[WhiteElo "1729"]
[BlackElo "1791"]
[PlyCount "54"]
[EventDate "2015.08.02"]
[EventType "tourn"]
[EventRounds "9"]
[EventCountry "CZE"]
[SourceTitle "EXT 2017"]
[Source "ChessBase"]
[SourceDate "2016.10.25"]
[SourceVersion "1"]
[SourceVersionDate "2016.10.25"]
[SourceQuality "1"]

1. e4 e6 2. d4 d5 3. Nd2 Nf6 4. e5 Nfd7 5. Bd3 c5 6. c3 Nc6 7. Ne2 Qb6 8. Nf3 Be7 9. 0-0 0-0 10. Re1 cxd4 11. cxd4 f6 12. Nf4 fxe5 13. dxe5 Nc5 14. Be3 Qc7 15. Bxc5 Bxc5 16. Bxh7+ Kxh7 17. Ng5+ Kg8 18. Qh5 Rxf4 19. Qh7+ Kf8 20. Qh8+ Ke7 21. Qxg7+ Kd8 22. Nxe6+ Bxe6 23. Qg5+ Kd7 24. Qxf4 Rf8 25. Qg5 Bxf2+ 26. Kh1 Bxe1 27. Rxe1 Qxe5 0-1

[Event "Prague Holiday K31"]
[Site "Prague"]
[Date "2015.08.03"]
[Round "3"]
[White "Schoenmakers, Nico"]
[Black "Sedivy, Ondrej"]
[Result "1/2-1/2"]
[WhiteElo "1866"]
[BlackElo "1791"]
[PlyCount "81"]
[EventDate "2015.08.02"]
[EventType "tourn"]
[EventRounds "9"]
[EventCountry "CZE"]
[SourceTitle "EXT 2017"]
[Source "ChessBase"]
[SourceDate "2016.10.25"]
[SourceVersion "1"]
[SourceVersionDate "2016.10.25"]
[SourceQuality "1"]

1. e4 e6 2. d4 d5 3. e5 c5 4. c3 Nc6 5. a3 c4 6. Be2 Nge7 7. Nh3 Ng6 8. 0-0 Be7 9. Kh1 0-0 10. Nd2 Rb8 11. f4 b5 12. Nf3 a5 13. Qc2 b4 14. Bd2 Bd7 15. Nfg5 bxa3 16. bxa3 Rb3 17. a4 Qb6 18. Rfb1 Rb8 19. Rxb3 Qxb3 20. Qxb3 Rxb3 21. Bd1 Rb8 22. Bc1 Na7 23. Kg1 Nc8 24. Kf2 Nb6 25. Ke2 h6 26. Nf3 f6 27. exf6 Bxf6 28. Ne5 Nxe5 29. fxe5 Be7 30. Bc2 Rf8 31. g3 g5 32. g4 Kg7 33. Nf2 Be8 34. Nh1 h5 35. h3 hxg4 36. hxg4 Rh8 37. Nf2 Rh4 38. Kf3 Bg6 39. Bxg6 Kxg6 40. Kg3 Rh8 41. Ba3 1/2-1/2

[Event "Prague Holiday K31"]
[Site "Prague"]
[Date "2015.08.02"]
[Round "1"]
[White "Hille, Wolfram"]
[Black "Sedivy, Ondrej"]
[Result "1-0"]
[WhiteElo "1965"]
[BlackElo "1791"]
[PlyCount "55"]
[EventDate "2015.08.02"]
[EventType "tourn"]
[EventRounds "9"]
[EventCountry "CZE"]
[SourceTitle "EXT 2017"]
[Source "ChessBase"]
[SourceDate "2016.10.25"]
[SourceVersion "1"]
[SourceVersionDate "2016.10.25"]
[SourceQuality "1"]

1. e4 e6 2. d4 d5 3. e5 c5 4. c3 Nc6 5. Nf3 Qb6 6. Be2 Nh6 7. Bxh6 gxh6 8. b3 cxd4 9. cxd4 Bb4+ 10. Kf1 Bd7 11. a3 Be7 12. Nc3 Rc8 13. Na4 Qa5 14. b4 Nxb4 15. axb4 Qxb4 16. g3 b5 17. Nc5 Bxc5 18. dxc5 Qxc5 19. Qd4 Qc2 20. Rxa7 Rc5 21. Ra8+ Bc8 22. Bd3 Qc3 23. Qxc3 Rxc3 24. Bxb5+ Ke7 25. Ra7+ Kf8 26. Kg2 Kg7 27. Rha1 Rd8 28. Nd4 1-0

[Event "Ricany op"]
[Site "Ricany"]
[Date "2012.08.29"]
[Round "5"]
[White "Sedivy, Ondrej"]
[Black "Plchot, Miroslav"]
[Result "1/2-1/2"]
[WhiteElo "1784"]
[BlackElo "1914"]
[PlyCount "90"]
[EventDate "2012.08.26"]
[EventType "swiss"]
[EventRounds "9"]
[EventCountry "CZE"]
[SourceTitle "CBM 150 Extra"]
[Source "ChessBase"]
[SourceDate "2012.10.19"]
[SourceVersion "1"]
[SourceVersionDate "2012.10.19"]
[SourceQuality "1"]

1. c4 e5 2. Nc3 Bb4 3. g3 Nc6 4. Bg2 f5 5. e3 Nf6 6. Nge2 0-0 7. 0-0 Bxc3 8. bxc3 e4 9. Nd4 Ne7 10. Ba3 d6 11. c5 dxc5 12. Bxc5 b6 13. Bxe7 Qxe7 14. d3 c5 15. Ne2 Ba6 16. d4 Kh8 17. Re1 Qf7 18. Bf1 Rac8 19. Qd2 g5 20. a4 h5 21. h3 h4 22. Kg2 Rc6 23. Ng1 Bxf1+ 24. Rxf1 g4 25. hxg4 Nxg4 26. Nh3 Rg8 27. Rh1 Rh6 28. Rag1 Nf6 29. Nf4 Nd5 30. Nxd5 Qxd5 31. Qe2 Qb3 32. Rb1 Qxa4 33. Ra1 Qd7 34. Qa6 Rg7 35. Ra4 Rgh7 36. dxc5 bxc5 37. Qc4 h3+ 38. Kh2 Rd6 39. Qxc5 a6 40. Rd4 Rhh6 41. Rhd1 Rxd4 42. Qf8+ Kh7 43. Rxd4 Qe6 44. Rd8 a5 45. Qh8+ Kg6 1/2-1/2

[Event "Ricany op-A"]
[Site "Ricany"]
[Date "2011.08.21"]
[Round "2"]
[White "Grecny, Karol"]
[Black "Sedivy, Ondrej"]
[Result "1-0"]
[WhiteElo "1975"]
[BlackElo "1782"]
[PlyCount "83"]
[EventDate "2011.08.20"]
[EventType "swiss"]
[EventRounds "9"]
[EventCountry "CZE"]
[SourceTitle "CBM 144 Extra"]
[Source "ChessBase"]
[SourceDate "2011.10.28"]
[SourceVersion "1"]
[SourceVersionDate "2011.10.28"]
[SourceQuality "1"]

1. e4 e6 2. d4 d5 3. exd5 exd5 4. c4 dxc4 5. Bxc4 Bd6 6. Nf3 Nf6 7. 0-0 0-0 8. Bg5 Nbd7 9. Nc3 Nb6 10. Bb3 Bg4 11. Re1 h6 12. Bh4 Be7 13. h3 Bh5 14. Qd3 Kh8 15. Ne5 Nfd5 16. Nxd5 Bxh4 17. Nf4 Qg5 18. Nxh5 Qxh5 19. g4 Qg5 20. Bxf7 g6 21. Qxg6 Qxg6 22. Nxg6+ Kg7 23. Nxh4 Rxf7 24. Nf5+ Kf6 25. Re4 h5 26. Rae1 hxg4 27. hxg4 Nd5 28. Kg2 Rh8 29. Kg3 Rfh7 30. Kf3 Rh2 31. Re5 c6 32. Ng3 R8h3 33. R1e4 Nb4 34. Rf4+ Kg6 35. Re6+ Kg7 36. Ke4 Nd5 37. Rf3 Rg2 38. Nh5+ Rxh5 39. gxh5 Rg4+ 40. Ke5 Rg5+ 41. Rf5 Rg1 42. Rg6+ 1-0

[Event "Ricany op-A"]
[Site "Ricany"]
[Date "2011.08.20"]
[Round "1"]
[White "Sedivy, Ondrej"]
[Black "Prochazka, Petr"]
[Result "1/2-1/2"]
[WhiteElo "1782"]
[BlackElo "2008"]
[PlyCount "86"]
[EventDate "2011.08.20"]
[EventType "swiss"]
[EventRounds "9"]
[EventCountry "CZE"]
[SourceTitle "CBM 144 Extra"]
[Source "ChessBase"]
[SourceDate "2011.10.28"]
[SourceVersion "1"]
[SourceVersionDate "2011.10.28"]
[SourceQuality "1"]

1. c4 e5 2. Nc3 Nf6 3. g3 d5 4. cxd5 Nxd5 5. Bg2 Nb6 6. Nf3 Nc6 7. 0-0 Be7 8. d3 0-0 9. a3 Be6 10. b4 f6 11. Bb2 a6 12. Rc1 Qd7 13. Na4 Nxa4 14. Qxa4 Rad8 15. Rc3 Nd4 16. Qxd7 Rxd7 17. Re1 c6 18. Nd2 Bd5 19. Ne4 b6 20. Rcc1 Nb3 21. Rc2 f5 22. Nd2 Nxd2 23. Rxd2 Bxg2 24. Kxg2 e4 25. Red1 Rfd8 26. Bc3 exd3 27. Rxd3 Rxd3 28. Rxd3 Rxd3 29. exd3 Kf7 30. Kf3 Bf6 31. Bd2 b5 32. Bc1 Bd4 33. Ke2 Ke6 34. f3 Kd5 35. Kd2 Bg1 36. h3 Bh2 37. g4 fxg4 38. fxg4 Bf4+ 39. Kc2 g5 40. Bb2 c5 41. bxc5 Kxc5 42. Bc3 Kd5 43. Kb3 Bd6 1/2-1/2

[Event "Ricany op"]
[Site "Ricany"]
[Date "2010.08.28"]
[Round "9"]
[White "Havlicek, Pavel"]
[Black "Sedivy, Ondrej"]
[Result "0-1"]
[WhiteElo "1810"]
[BlackElo "1717"]
[PlyCount "62"]
[EventDate "2010.08.21"]
[EventType "swiss"]
[EventRounds "9"]
[EventCountry "CZE"]
[SourceTitle "EXT 2022"]
[Source "ChessBase"]
[SourceDate "2021.10.06"]
[SourceVersion "1"]
[SourceVersionDate "2021.10.06"]
[SourceQuality "1"]

1. e4 e6 2. d4 d5 3. exd5 exd5 4. Bd3 Bd6 5. Nd2 Nf6 6. c3 0-0 7. Ne2 c6 8. 0-0 Bg4 9. Re1 Nbd7 10. Qc2 Re8 11. Nf1 Qc7 12. Bg5 Bh5 13. Neg3 Bg6 14. Nf5 Kf8 15. b4 Ne4 16. Nxd6 Qxd6 17. Be3 a5 18. a3 axb4 19. axb4 Nb6 20. f3 Nf6 21. g3 Nc4 22. Bf4 Qd7 23. Ne3 Nxe3 24. Bxe3 Rxa1 25. Rxa1 Rxe3 26. Bxg6 hxg6 27. Kg2 Qf5 28. Qf2 Qd3 29. Ra8+ Re8 30. Ra7 Re2 31. Ra8+ Ke7 0-1

[Event "Ricany op"]
[Site "Ricany"]
[Date "2010.08.26"]
[Round "7"]
[White "Sedivy, Ondrej"]
[Black "Hlina, Miloslav"]
[Result "1/2-1/2"]
[WhiteElo "1717"]
[BlackElo "1892"]
[PlyCount "83"]
[EventDate "2010.08.21"]
[EventType "swiss"]
[EventRounds "9"]
[EventCountry "CZE"]
[SourceTitle "EXT 2022"]
[Source "ChessBase"]
[SourceDate "2021.10.06"]
[SourceVersion "1"]
[SourceVersionDate "2021.10.06"]
[SourceQuality "1"]

1. e4 e6 2. d4 d5 3. Nd2 dxe4 4. Nxe4 Nd7 5. Nf3 Ngf6 6. Bd3 Be7 7. 0-0 0-0 8. Bg5 h6 9. Bh4 Nxe4 10. Bxe7 Qxe7 11. Bxe4 Nf6 12. Bd3 b6 13. Ne5 Bb7 14. c3 c5 15. Bb5 Qc7 16. Qa4 a6 17. Be2 b5 18. Qb3 cxd4 19. cxd4 Rfd8 20. Rfd1 Bd5 21. Qc3 Rac8 22. Qxc7 Rxc7 23. Rac1 Rdc8 24. Nd3 Rxc1 25. Rxc1 Rxc1+ 26. Nxc1 Ne8 27. Nd3 Bc4 28. Nc1 Bxe2 29. Nxe2 Nc7 30. Nc3 Kf8 31. Kf1 Ke7 32. Ke2 f5 33. a3 Kd6 34. Kd3 Nd5 35. g3 g5 36. Ne2 g4 37. Ng1 h5 38. h3 Nf6 39. h4 Ne4 40. Ke3 Kd5 41. Ne2 e5 42. dxe5 1/2-1/2

[Event "Ricany op"]
[Site "Ricany"]
[Date "2010.08.22"]
[Round "3"]
[White "Skokan, Frantisek"]
[Black "Sedivy, Ondrej"]
[Result "1/2-1/2"]
[WhiteElo "1903"]
[BlackElo "1717"]
[PlyCount "77"]
[EventDate "2010.08.21"]
[EventType "swiss"]
[EventRounds "9"]
[EventCountry "CZE"]
[SourceTitle "EXT 2022"]
[Source "ChessBase"]
[SourceDate "2021.10.06"]
[SourceVersion "1"]
[SourceVersionDate "2021.10.06"]
[SourceQuality "1"]

1. e4 e6 2. d4 d5 3. Nc3 Nf6 4. Bg5 Be7 5. e5 Nfd7 6. Bxe7 Qxe7 7. f4 a6 8. Nf3 c5 9. Be2 Nc6 10. Qd2 0-0 11. 0-0 f6 12. exf6 Nxf6 13. Kh1 Bd7 14. dxc5 Qxc5 15. Rad1 Ng4 16. Nd4 e5 17. Bxg4 Bxg4 18. Nb3 Qc4 19. Qxd5+ Qxd5 20. Rxd5 exf4 21. Nd4 Nxd4 22. Rxd4 Rae8 23. h3 Be2 24. Rfxf4 Rxf4 25. Rxf4 Bh5 26. Nd5 Bf7 27. Nc3 Rd8 28. Rf2 h6 29. a3 Bg6 30. Na4 b5 31. Nc5 Rc8 32. b4 a5 33. Kg1 axb4 34. axb4 Rd8 35. c3 Bf7 36. Rf3 Bc4 37. Kf2 Re8 38. Re3 Rf8+ 39. Rf3 1/2-1/2